000 01134nam a2200205 4500
003 LK-CoMWRAF
005 20231217181458.0
008 231217b |||||||| |||| 00| 0 eng d
040 _aLK-CoMWRAF
_dLK-CoMWRAF
_eLK-CoMWRAF
041 _asin
082 _a305.69
_bEPP
100 _aඑපෙන්ඩ්, මුහම්මදු සමීර් බින් ඉස්මයිල්
245 _aඅපගේ මුතුන් මිත්තෝ :
_b(අතීතයේ ශ්‍රී ලංකාවේ විසූ යෝනක, මැලේ සහ අනෙකුත් මුස්ලිම්වරු)
246 _aapage muthun mithto : ( Atheetha sri lankawe wisoo yonaka, malee saha anekuth muslimwaru)
260 _aකොළඹ :
_bයෝනක ඉස්ලාමීය සංස්කෘතික මධ්‍යස්ථානය,
650 _aයෝනක, මැලේ සහ අනෙකුත් මුස්ලිම්වරු
700 _aසාහිර්, එම්. සි. එම්.
_etrans.
700 _aඅල්විස්, ප්‍රේමචන්ද්‍ර
_etrans.
942 _cBK
999 _c4503
_d4503